[Event "Campeonato Navarro Absoluto Individual Fase Final"]
[Site "Residencia Fuerte del Príncipe"]
[Date "2016.03.26"]
[Round "3"]
[Board "8"]
[White "Zaratiegui Cardesa, Jose"]
[Black "Argaya Urdaniz, Miguel"]
[Result "0-1"]
[WhiteElo "1740"]
[BlackElo "1976"]
[PlyCount "142"]
[EventDate "2016.03.05"]
[EventRounds "8"]
[EventCountry "ESP"]

1. c4 c5 2. g3 g6 3. Bg2 Bg7 4. e3 Nc6 5. Ne2 e6 6. O-O Nge7 7. Nbc3 O-O 8. d4
cxd4 9. exd4 d5 10. cxd5 Nxd5 11. Nxd5 exd5 12. Qb3 Qb6 13. Qxb6 axb6 14. Bxd5
Rd8 15. Bxc6 bxc6 16. Be3 Ba6 17. Rfe1 Bxe2 18. Rxe2 Bxd4 19. Bxd4 Rxd4 20. a3
Rad8 21. Rae1 Rd2 22. Kf1 Kf8 23. Rxd2 Rxd2 24. Re2 Rd1+ 25. Kg2 c5 26. Kf3
Rd3+ 27. Re3 Rd2 28. Rb3 Rd6 29. Re3 Kg7 30. b3 Kf6 31. a4 Rd4 32. g4 Kg5 33.
h3 f5 34. gxf5 Kxf5 35. Kg3 Re4 36. Rc3 Ke5 37. a5 Kd5 38. axb6 Rb4 39. f4 Rxb6
40. Kg4 h6 41. h4 Rb4 42. Rd3+ Rd4 43. Re3 Kd6 44. Re1 Rd5 45. Re3 Rd1 46. Re8
Rg1+ 47. Kf3 h5 48. Rd8+ Kc6 49. Rc8+ Kb6 50. Rb8+ Kc7 51. Rb5 Kc6 52. Rb8 Rg4
53. Rc8+ Kb6 54. Rb8+ Kc7 55. Rb5 Kc6 56. Rb8 Rxh4 57. b4 c4 58. Rg8 Rg4 59.
Ke4 Kb5 60. Rb8+ Ka4 61. Kf3 c3 62. b5 g5 63. fxg5 Rxg5 64. Rc8 Kb3 65. b6 Rb5
66. Rc6 h4 67. Ke3 c2 68. Kd3 Rd5+ 69. Ke2 Rd7 70. Rc5 h3 71. Kf2 Rg7 0-1

[Event "Campeonato Navarro Absoluto Individual Fase Final"]
[Site "Residencia Fuerte del Príncipe"]
[Date "2016.03.26"]
[Round "3"]
[Board "9"]
[White "Ochoa Aldaz, Mikel"]
[Black "Ruiz Escobar, Rafael"]
[Result "1/2-1/2"]
[WhiteElo "1704"]
[BlackElo "1912"]
[PlyCount "204"]
[EventDate "2016.03.05"]
[EventRounds "8"]
[EventCountry "ESP"]

1. e4 c5 2. Nf3 d6 3. d4 cxd4 4. Nxd4 e5 5. Nb5 a6 6. N5a3 Be6 7. c4 Be7 8. Be2
Nc6 9. Nc2 Nf6 10. Nc3 Rb8 11. Be3 O-O 12. f3 Nh5 13. Qd2 b6 14. O-O Na5 15. b3
Nf4 16. Bxf4 exf4 17. Nb4 b5 18. cxb5 axb5 19. Nbd5 b4 20. Nxe7+ Qxe7 21. Nd5
Bxd5 22. Qxd5 Ra8 23. Rfd1 Qe5 24. Rac1 Qb2 25. Qd2 Qe5 26. Qxb4 Rfd8 27. Rd5
Qb2 28. Qd2 Qa3 29. Qxf4 Qxa2 30. Rc7 Rf8 31. Rd2 Qxb3 32. Rxd6 Nb7 33. Rdc6
Nd8 34. Rc3 Qb2 35. Qe3 Ne6 36. Rc2 Qa1+ 37. Rc1 Qe5 38. R7c3 Nd4 39. Rc5 Qd6
40. Rf5 Nxe2+ 41. Qxe2 Qe6 42. Rfc5 Qb6 43. Kf1 Qh6 44. Kg1 Qb6 45. Kf1 Rad8
46. Rc6 Qd4 47. R6c4 Qe5 48. Kg1 Qg5 49. Rd1 h6 50. Rcd4 Qc5 51. Qf2 Ra8 52.
Rd5 Qc4 53. R5d4 Qc8 54. Rd5 Ra6 55. Rc5 Qa8 56. Rcd5 Ra4 57. R5d4 Ra1 58. h3
Qa7 59. Rxa1 Qxa1+ 60. Kh2 Rb8 61. Rd2 Rb1 62. Rd5 Rh1+ 63. Kg3 Qf6 64. Qe3
Qg6+ 65. Kf2 Rh2 66. Rd8+ Kh7 67. Qf4 Qb6+ 68. Kg3 Rxg2+ 69. Kxg2 Qxd8 70. Qf5+
Kg8 71. Kg3 Qb8+ 72. Kg2 Qb2+ 73. Kg3 Qc3 74. Qg4 g6 75. Qf4 Kg7 76. e5 Qe1+
77. Kg2 Qe2+ 78. Kg3 Qa6 79. Qd4 Qe6 80. Qe4 Qb6 81. Kg2 h5 82. Qf4 Qe6 83. Qd4
g5 84. Qe4 Qa2+ 85. Kg3 h4+ 86. Kg4 Kh6 87. Qc6+ Qe6+ 88. Qxe6+ fxe6 89. f4
gxf4 90. Kxf4 Kh5 91. Kf3 Kg5 92. Ke4 Kg6 93. Kf4 Kh5 94. Kf3 Kg5 95. Ke4 Kg6
96. Kf4 Kh5 97. Kf3 Kg5 98. Ke4 Kg6 99. Kf4 Kh5 100. Kf3 Kg5 101. Ke4 Kg6 102.
Kf4 Kh5 1/2-1/2

[Event "Campeonato Navarro Absoluto Individual Fase Final"]
[Site "Residencia Fuerte del Príncipe"]
[Date "2016.03.26"]
[Round "3"]
[Board "10"]
[White "Sancinena Arpide, Juan"]
[Black "Lerendegui Lasa, Odei"]
[Result "0-1"]
[WhiteElo "1605"]
[BlackElo "1908"]
[PlyCount "66"]
[EventDate "2016.03.05"]
[EventRounds "8"]
[EventCountry "ESP"]

1. e4 c5 2. Nf3 Nc6 3. d4 cxd4 4. Nxd4 Nf6 5. Nc3 e5 6. Ndb5 d6 7. Bg5 a6 8.
Na3 b5 9. Bxf6 gxf6 10. Nd5 f5 11. Qd3 Nd4 12. c3 fxe4 13. Qxe4 Bf5 14. Nf6+
Ke7 15. Qh4 Ke6 16. cxd4 Qxf6 17. Qg3 exd4 18. Qb3+ d5 19. Bd3 Bb4+ 20. Kd1 Ba5
21. Re1+ Bxe1 22. Kxe1 Bxd3 23. Qxd3 Qe5+ 24. Kf1 Qxh2 25. Re1+ Kd6 26. Nc4+
Kc7 27. Re7+ Kd8 28. Rd7+ Kxd7 29. Nb6+ Kc6 30. Qxd4 Qh1+ 31. Ke2 Rae8+ 32. Kd2
Qe1+ 33. Kc2 Qe4+ 0-1

[Event "Campeonato Navarro Absoluto Individual Fase Final"]
[Site "Residencia Fuerte del Príncipe"]
[Date "2016.03.26"]
[Round "3"]
[Board "11"]
[White "Roldan Marques, Marta"]
[Black "Lizuain Toni, Javier"]
[Result "1/2-1/2"]
[WhiteElo "1635"]
[BlackElo "1840"]
[PlyCount "99"]
[EventDate "2016.03.05"]
[EventRounds "8"]
[EventCountry "ESP"]

1. e4 e5 2. Nf3 Nc6 3. Bc4 Nd4 4. Nxd4 exd4 5. d3 Nf6 6. Bf4 d5 7. Bxd5 Nxd5 8.
exd5 Qxd5 9. Qe2+ Be6 10. Qe4 Qxe4+ 11. dxe4 c5 12. O-O Be7 13. Rd1 O-O 14. c3
Rfd8 15. cxd4 cxd4 16. Nd2 Rac8 17. Nb3 d3 18. Rd2 Bb4 19. Rdd1 Rc2 20. Bd2
Bxd2 21. Nxd2 Rxb2 22. Nb3 Bxb3 23. axb3 Rxb3 24. Rxa7 g6 25. f3 Kg7 26. Ra5 b5
27. Ra6 b4 28. Rb6 Rb2 29. Kf1 Rd4 30. Ke1 Rxg2 31. Rd2 Rxd2 32. Kxd2 Kh6 33.
Rb5 Kg7 34. Rb6 h5 35. h4 f6 36. Rb7+ Kh6 37. Rb5 Rd6 38. Rxb4 g5 39. hxg5+
Kxg5 40. Rb5+ Kg6 41. Rf5 h4 42. Rf4 Kg5 43. Rf5+ Kh6 44. Rf4 Kh5 45. Rf5+ Kg6
46. Rf4 Rd4 47. Rxh4 Kf7 48. Rh5 Ke6 49. Rf5 Rd6 50. Rh5 1/2-1/2

[Event "Campeonato Navarro Absoluto Individual Fase Final"]
[Site "Residencia Fuerte del Príncipe"]
[Date "2016.03.26"]
[Round "3"]
[Board "12"]
[White "Arana Oloron, Roberto"]
[Black "Alfaro Pinero, Asier"]
[Result "0-1"]
[WhiteElo "1743"]
[BlackElo "1708"]
[PlyCount "81"]
[EventDate "2016.03.05"]
[EventRounds "8"]
[EventCountry "ESP"]

1. e4 c5 2. Nf3 Nf6 3. Nc3 d5 4. e5 Nfd7 5. Bb5 e6 6. d4 a6 7. Bxd7+ Bxd7 8.
O-O Nc6 9. Re1 Be7 10. Ne2 O-O 11. c3 cxd4 12. cxd4 f6 13. Bf4 Bb4 14. Rf1 g5
15. a3 Ba5 16. Bg3 g4 17. Ne1 f5 18. Nf4 Bb6 19. Nc2 Qg5 20. Qd3 h5 21. h4 gxh3
22. Nxh3 Qg4 23. Bf4 Bd8 24. Ne3 Qg6 25. Kh2 Kh7 26. Rad1 Be7 27. Qe2 Nd8 28.
Rh1 Bb5 29. Qf3 Nf7 30. g3 Rac8 31. Kg2 Kg7 32. Rh2 Rh8 33. Rdh1 Rh7 34. Nf1
Rc2 35. Be3 Be2 36. Qf4 Rxb2 37. Nd2 Rb6 38. Ng1 Bg4 39. Rh4 Bg5 40. f3 Bxf4
41. fxg4 0-1

[Event "Campeonato Navarro Absoluto Individual Fase Final"]
[Site "Residencia Fuerte del Príncipe"]
[Date "2016.03.26"]
[Round "3"]
[Board "13"]
[White "Barberia Fernandez, Inaki"]
[Black "Donazar Garayoa, Miguel"]
[Result "1-0"]
[WhiteElo "1865"]
[BlackElo "1675"]
[PlyCount "57"]
[EventDate "2016.03.05"]
[EventRounds "8"]
[EventCountry "ESP"]

1. d4 d5 2. Nf3 e6 3. Bg5 Be7 4. Bxe7 Qxe7 5. Nbd2 Nd7 6. e3 c5 7. c3 Ngf6 8.
Bd3 b6 9. O-O O-O 10. Ne5 Nxe5 11. dxe5 Nd7 12. f4 f6 13. Qh5 g6 14. Qh4 Rf7
15. Qg3 fxe5 16. fxe5 Bb7 17. Rxf7 Kxf7 18. h4 Rg8 19. h5 Ke8 20. hxg6 hxg6 21.
Nf3 Qg7 22. Qg4 Ke7 23. Qg5+ Ke8 24. Rf1 Bc6 25. Nh4 Nxe5 26. Rf6 Nxd3 27. Rxg6
Qxg6 28. Nxg6 Rg7 29. Qf6 1-0

[Event "Campeonato Navarro Absoluto Individual Fase Final"]
[Site "Residencia Fuerte del Príncipe"]
[Date "2016.03.26"]
[Round "3"]
[Board "15"]
[White "Otano Villanueva, Joseba"]
[Black "Arrese-Igor Royuela, Alex"]
[Result "0-1"]
[WhiteElo "1707"]
[BlackElo "1638"]
[PlyCount "116"]
[EventDate "2016.03.05"]
[EventRounds "8"]
[EventCountry "ESP"]

1. e4 c5 2. b3 e6 3. Bb2 Nf6 4. Nc3 Be7 5. e5 Nd5 6. Nxd5 exd5 7. d4 d6 8. exd6
Bf6 9. Bb5+ Nc6 10. Qe2+ Be6 11. O-O-O Qxd6 12. Kb1 cxd4 13. Bxd4 Bxd4 14. Rxd4
O-O 15. Rd1 Qc5 16. Bd3 Nb4 17. f4 d4 18. Nf3 Nd5 19. Qf2 Nc3+ 20. Kb2 Nxd1+
21. Rxd1 Qc3+ 22. Kb1 a5 23. Ng5 h6 24. Ne4 Qb4 25. f5 Bd5 26. f6 Bxe4 27. Bxe4
Rad8 28. fxg7 Kxg7 29. Qf5 Rh8 30. Bd5 Qe7 31. Rxd4 h5 32. Qf3 Rh6 33. Re4 Qd7
34. c4 b5 35. Rf4 f6 36. Re4 bxc4 37. bxc4 Qd6 38. Qe3 Qb4+ 39. Kc1 Rg6 40.
Re7+ Kh8 41. Rb7 Qd6 42. Qf3 Qe5 43. Qd3 Rh6 44. Kc2 Rb8 45. Qe4 Rxb7 46. Qxe5
fxe5 47. Bxb7 Rb6 48. Bd5 Kg7 49. Kd3 Kf6 50. Ke4 Rb2 51. Kd3 Rxa2 52. c5 Ra4
53. Bc4 e4+ 54. Kc3 Ke5 55. h3 Ra1 56. g4 hxg4 57. hxg4 Rc1+ 58. Kb3 Kd4 0-1

[Event "Campeonato Navarro Absoluto Individual Fase Final"]
[Site "Residencia Fuerte del Príncipe"]
[Date "2016.03.26"]
[Round "3"]
[Board "16"]
[White "Cinza Lopez, Javier"]
[Black "Martinez Zazo, Jesus"]
[Result "1-0"]
[WhiteElo "1980"]
[BlackElo "1783"]
[PlyCount "55"]
[EventDate "2016.03.05"]
[EventRounds "8"]
[EventCountry "ESP"]

1. e4 g6 2. d4 c5 3. c3 cxd4 4. cxd4 Bg7 5. Nc3 e6 6. Nf3 a6 7. a4 Nc6 8. Bc4
Nge7 9. O-O O-O 10. Be3 d5 11. exd5 exd5 12. Bb3 Bg4 13. h3 Bxf3 14. Qxf3 Bxd4
15. Rad1 Bxe3 16. fxe3 Nb4 17. Rd4 Qb6 18. a5 Qxa5 19. Ne4 Nf5 20. Nf6+ Kg7 21.
Rf4 Kxf6 22. g4 Kg7 23. gxf5 h6 24. fxg6 Qc5 25. Rxf7+ Kg8 26. g7 Rfe8 27. Kh1
Rxe3 28. Rf8+ 1-0

[Event "Campeonato Navarro Absoluto Individual Fase Final"]
[Site "Residencia Fuerte del Príncipe"]
[Date "2016.03.26"]
[Round "3"]
[Board "17"]
[White "Roviralta Montero, Axel"]
[Black "Fuertes Cirauqui, Pablo"]
[Result "1-0"]
[WhiteElo "1952"]
[BlackElo "1305"]
[PlyCount "37"]
[EventDate "2016.03.05"]
[EventRounds "8"]
[EventCountry "ESP"]

1. e4 e6 2. d4 d5 3. e5 c5 4. c3 Nc6 5. Nf3 Bd7 6. a3 f6 7. exf6 Nxf6 8. Be3
cxd4 9. cxd4 Qc7 10. Nc3 O-O-O 11. Ng5 Re8 12. g3 Rg8 13. Rc1 h6 14. Nf3 Kb8
15. Bf4 Bd6 16. Nb5 Qa5+ 17. b4 Qd8 18. Bxd6+ Kc8 19. Nxa7# 1-0

[Event "Campeonato Navarro Absoluto Individual Fase Final"]
[Site "Residencia Fuerte del Príncipe"]
[Date "2016.03.26"]
[Round "3"]
[Board "18"]
[White "Garisoain Ardanaz, Alvaro"]
[Black "Guzman Villanueva, Bernardo"]
[Result "1-0"]
[WhiteElo "1739"]
[BlackElo "1800"]
[PlyCount "31"]
[EventDate "2016.03.05"]
[EventRounds "8"]
[EventCountry "ESP"]

1. Nf3 c5 2. c4 Nc6 3. g3 Nf6 4. Bg2 g6 5. d4 cxd4 6. Nxd4 e5 7. Nxc6 bxc6 8.
Nc3 Bb4 9. Bd2 Ba6 10. Qa4 Qb6 11. a3 Bc5 12. O-O Bxf2+ 13. Rxf2 Ng4 14. Raf1
Nxf2 15. Rxf2 Qxb2 16. Bxc6 1-0

[Event "Campeonato Navarro Absoluto Individual Fase Final"]
[Site "Residencia Fuerte del Príncipe"]
[Date "2016.04.09"]
[Round "4"]
[Board "1"]
[White "Roldan Marques, Daniel"]
[Black "Ortega Lopez, Mikel"]
[Result "0-1"]
[WhiteElo "2168"]
[BlackElo "2332"]
[PlyCount "66"]
[EventDate "2016.03.05"]
[EventRounds "8"]
[EventCountry "ESP"]

1. d4 Nf6 2. c4 e6 3. Nf3 Nc6 4. g3 d5 5. Bg2 dxc4 6. Qa4 Bb4+ 7. Bd2 Nd5 8. a3
Bxd2+ 9. Nfxd2 O-O 10. e3 e5 11. Qb5 Be6 12. Nc3 Nce7 13. dxe5 c6 14. Qa4 Nxc3
15. bxc3 Qd3 16. Rc1 Rfd8 17. Qc2 Ng6 18. Qxd3 Rxd3 19. Ne4 Bd5 20. O-O Nxe5
21. Nc5 Rd2 22. Nxb7 Rb8 23. Nc5 Rbb2 24. e4 Be6 25. Rb1 Nd3 26. Na4 Rb3 27. f4
c5 28. Rfd1 Rxd1+ 29. Rxd1 Bd7 30. Nxc5 Nxc5 31. Rd5 Rb5 32. a4 Ra5 33. Bh3 f5
 0-1

[Event "Campeonato Navarro Absoluto Individual Fase Final"]
[Site "Residencia Fuerte del Príncipe"]
[Date "2016.04.09"]
[Round "4"]
[Board "2"]
[White "Sevilla Subiza, Javier"]
[Black "Leranoz Zabalza, Adrian"]
[Result "1-0"]
[WhiteElo "2058"]
[BlackElo "2066"]
[PlyCount "79"]
[EventDate "2016.03.05"]
[EventRounds "8"]
[EventCountry "ESP"]

1. d4 Nf6 2. Bg5 d5 3. Bxf6 gxf6 4. c4 dxc4 5. e3 Rg8 6. Qc2 Rg7 7. Bxc4 Nc6 8.
Nc3 e6 9. O-O-O Bd6 10. Nge2 Bd7 11. Ne4 Qe7 12. Kb1 f5 13. Nxd6+ cxd6 14. Nf4
Rc8 15. Qd2 d5 16. Bb5 Kf8 17. Bxc6 bxc6 18. Nd3 Rxg2 19. Rhg1 Qg5 20. h4 Qg7
21. Rxg2 Qxg2 22. Qc1 f6 23. Ka1 Kf7 24. Rg1 Qh2 25. Nc5 Rd8 26. Qf1 Bc8 27.
Rg2 Qxh4 28. Qg1 Qh6 29. Rh2 Qg7 30. Qh1 Rh8 31. Rg2 Qf8 32. Qh5+ Ke7 33. Qh2
Kd8 34. Qb8 Qe7 35. Rg7 Qxg7 36. Nxe6+ Ke7 37. Nxg7 Rg8 38. Nxf5+ Ke6 39. Ng3
h5 40. a3 1-0

[Event "Campeonato Navarro Absoluto Individual Fase Final"]
[Site "Residencia Fuerte del Príncipe"]
[Date "2016.04.09"]
[Round "4"]
[Board "3"]
[White "Laseca Arana, Irati"]
[Black "Jimenez Almeida, Luis David"]
[Result "1/2-1/2"]
[WhiteElo "1700"]
[BlackElo "2179"]
[PlyCount "68"]
[EventDate "2016.03.05"]
[EventRounds "8"]
[EventCountry "ESP"]

1. d4 g6 2. Nf3 Bg7 3. c4 c5 4. d5 d6 5. Nc3 Bxc3+ 6. bxc3 f5 7. g3 Qa5 8. Bd2
Nf6 9. Qc2 Nbd7 10. Bf4 Nb6 11. Nd2 Bd7 12. Bg5 Ng4 13. h4 h6 14. Bf4 O-O-O 15.
f3 Nf6 16. e4 Nh5 17. e5 dxe5 18. Bxe5 Rhg8 19. Nb3 Ba4 20. Qb2 Nxc4 21. Bxc4
Qb6 22. Qa3 Bb5 23. Bxb5 Qxb5 24. Rd1 f4 25. Qxa7 Nxg3 26. Rd2 Nxh1 27. Nxc5
Rd6 28. Bxd6 exd6 29. Qa8+ Kc7 30. Ne6+ Kb6 31. Qxg8 Ng3 32. c4 Qb1+ 33. Rd1
Qb4+ 34. Rd2 Qb1+ 1/2-1/2

[Event "Campeonato Navarro Absoluto Individual Fase Final"]
[Site "Residencia Fuerte del Príncipe"]
[Date "2016.04.09"]
[Round "4"]
[Board "4"]
[White "Hernandez Barricarte, Miguel A"]
[Black "Malon Insausti, Andres"]
[Result "1/2-1/2"]
[WhiteElo "1898"]
[BlackElo "1566"]
[PlyCount "68"]
[EventDate "2016.03.05"]
[EventRounds "8"]
[EventCountry "ESP"]

1. d4 d5 2. c4 c6 3. Nf3 Nf6 4. e3 a6 5. Bd3 b5 6. b3 Bg4 7. h3 Bxf3 8. Qxf3 e5
9. dxe5 bxc4 10. bxc4 dxc4 11. Bxc4 Qa5+ 12. Bd2 Qxe5 13. Nc3 Bd6 14. g3 O-O
15. O-O Nbd7 16. Rab1 Qg5 17. Be2 Ne5 18. Qg2 Ng6 19. Rfd1 Rad8 20. Bxa6 Qa5
21. Qxc6 Bb4 22. a3 Rxd2 23. axb4 Rxd1+ 24. Nxd1 Qf5 25. Nc3 Ne5 26. Qg2 Qc2
27. f4 Qxc3 28. fxe5 Qxe3+ 29. Kh1 Qxe5 30. Bb7 Rb8 31. Bc6 h6 32. b5 Qc5 33.
Rb2 Nh7 34. Qf2 Qxf2 1/2-1/2

[Event "Campeonato Navarro Absoluto Individual Fase Final"]
[Site "Residencia Fuerte del Príncipe"]
[Date "2016.04.09"]
[Round "4"]
[Board "5"]
[White "Lerendegui Lasa, Odei"]
[Black "Urriza Iricibar, Pablo"]
[Result "1/2-1/2"]
[WhiteElo "1908"]
[BlackElo "2149"]
[PlyCount "38"]
[EventDate "2016.03.05"]
[EventRounds "8"]
[EventCountry "ESP"]

1. e4 e6 2. d4 d5 3. Bd3 c5 4. exd5 exd5 5. Nf3 Nf6 6. O-O Be7 7. dxc5 O-O 8.
Be3 a5 9. c3 Qc7 10. Bd4 Nc6 11. Re1 Bg4 12. Nbd2 h6 13. h3 Be6 14. Nf1 Nd7 15.
Ng3 Nxc5 16. Bxg7 Nxd3 17. Qxd3 Kxg7 18. Nh5+ Kh8 19. Qe3 Kh7 1/2-1/2

[Event "Campeonato Navarro Absoluto Individual Fase Final"]
[Site "Residencia Fuerte del Príncipe"]
[Date "2016.04.09"]
[Round "4"]
[Board "6"]
[White "Alfonso Abrego, Santiago"]
[Black "Argaya Urdaniz, Miguel"]
[Result "0-1"]
[WhiteElo "1797"]
[BlackElo "1976"]
[PlyCount "76"]
[EventDate "2016.03.05"]
[EventRounds "8"]
[EventCountry "ESP"]

1. e4 d5 2. exd5 Nf6 3. d4 Bg4 4. Be2 Bxe2 5. Qxe2 Qxd5 6. Nf3 Nc6 7. Nc3 Qd7
8. O-O O-O-O 9. Bf4 e6 10. Rad1 Nd5 11. Bg3 Bd6 12. Ne4 Bxg3 13. fxg3 Qe7 14.
Nc5 Nxd4 15. Nxd4 Qxc5 16. Rxf7 Rhe8 17. Kh1 e5 18. Qg4+ Kb8 19. Ne6 Ne3 20.
Nxc5 Nxg4 21. Rxd8+ Rxd8 22. Rd7 Rxd7 23. Nxd7+ Kc8 24. Nf8 h6 25. h3 Ne3 26.
Ng6 Kd7 27. Nxe5+ Kd6 28. Nd3 Nxc2 29. Kg1 a5 30. Kf2 Nb4 31. Nxb4 axb4 32. Ke3
Kd5 33. g4 c5 34. h4 c4 35. g5 hxg5 36. hxg5 b5 37. g6 Ke5 38. a3 c3 0-1

[Event "Campeonato Navarro Absoluto Individual Fase Final"]
[Site "Residencia Fuerte del Príncipe"]
[Date "2016.04.09"]
[Round "4"]
[Board "7"]
[White "Cemborain Oricain, Alfonso"]
[Black "Alfaro Pinero, Asier"]
[Result "1-0"]
[WhiteElo "1951"]
[BlackElo "1708"]
[PlyCount "111"]
[EventDate "2016.03.05"]
[EventRounds "8"]
[EventCountry "ESP"]

1. e4 c5 2. Nf3 Nf6 3. Nc3 d5 4. e5 Nfd7 5. Be2 Nc6 6. Bb5 e6 7. O-O Qc7 8. Re1
Be7 9. d3 O-O 10. Bf4 a6 11. Bxc6 Qxc6 12. Ne2 b5 13. c3 f6 14. Qd2 fxe5 15.
Nxe5 Nxe5 16. Bxe5 Bd7 17. Nf4 Bg5 18. Qe3 Rf5 19. Qg3 Bh6 20. Nh3 Raf8 21. Re2
c4 22. d4 a5 23. Rae1 R8f7 24. f3 b4 25. Nf2 Bg5 26. h4 Rxe5 27. dxe5 Be7 28.
Ng4 Kh8 29. h5 Qa4 30. h6 g6 31. Nf6 Bc5+ 32. Kh1 Qc6 33. Qg5 Rf8 34. Rd1 Be7
35. Qg3 Qc7 36. Qf2 Bc5 37. Qe1 Bc6 38. Qd2 Bb7 39. Qg5 a4 40. Qg4 Qe7 41. Rb1
Bc6 42. Ree1 Bf2 43. Re2 Bc5 44. Rd1 a3 45. cxb4 Bxb4 46. bxa3 Bxa3 47. Rb1 Rc8
48. Rd2 Ba4 49. Nxd5 Qd7 50. Qf4 exd5 51. Rxd5 Qe7 52. Qd4 Kg8 53. Ra5 Be8 54.
Ra7 Qc5 55. Rg7+ Kf8 56. Qf4+ 1-0

[Event "Campeonato Navarro Absoluto Individual Fase Final"]
[Site "Residencia Fuerte del Príncipe"]
[Date "2016.04.09"]
[Round "4"]
[Board "8"]
[White "Huarte Zozaya, Aitor"]
[Black "Vinal Gutierrez, Pedro"]
[Result "0-1"]
[WhiteElo "1692"]
[BlackElo "2049"]
[PlyCount "78"]
[EventDate "2016.03.05"]
[EventRounds "8"]
[EventCountry "ESP"]

1. e4 e6 2. d4 d5 3. Bd3 dxe4 4. Bxe4 Nf6 5. Bf3 Bd6 6. Ne2 Nbd7 7. O-O O-O 8.
Re1 e5 9. Nbc3 exd4 10. Qxd4 Ne5 11. Bg5 Nxf3+ 12. gxf3 Be7 13. Qh4 h6 14. Bxh6
Ng4 15. Qh5 Nxh6 16. Rad1 Bd6 17. Ne4 Bf5 18. N2g3 Bg6 19. Qd5 Bxg3 20. hxg3
Qxd5 21. Rxd5 Rfe8 22. Kf1 Rad8 23. c4 Bxe4 24. Rxe4 Kf8 25. Red4 Rxd5 26. Rxd5
Ke7 27. g4 c6 28. Rd3 f6 29. Rb3 b6 30. Ra3 Ra8 31. Ke2 Nf7 32. f4 Nd6 33. Re3+
Kd7 34. Kd3 Re8 35. Rh3 Ne4 36. Rh2 a5 37. f3 Nc5+ 38. Kd2 Ne6 39. Rh7 Re7 0-1

[Event "Campeonato Navarro Absoluto Individual Fase Final"]
[Site "Residencia Fuerte del Príncipe"]
[Date "2016.04.09"]
[Round "4"]
[Board "9"]
[White "Ortin Blanco, Inigo"]
[Black "Ochoa Aldaz, Mikel"]
[Result "1-0"]
[WhiteElo "2047"]
[BlackElo "1704"]
[PlyCount "49"]
[EventDate "2016.03.05"]
[EventRounds "8"]
[EventCountry "ESP"]

1. d4 d5 2. c4 e6 3. Nc3 Nf6 4. cxd5 exd5 5. Bg5 c6 6. Qc2 Be7 7. e3 Nbd7 8.
Bd3 h6 9. Bh4 O-O 10. Nf3 Re8 11. h3 Ne4 12. Bxe7 Qxe7 13. O-O Nf8 14. Ne5 Nd6
15. b4 Qg5 16. b5 Rxe5 17. dxe5 Qxe5 18. bxc6 bxc6 19. Ne2 Ne6 20. Qxc6 Bb7 21.
Qc3 Qh5 22. Nd4 Ng5 23. Qc7 Nge4 24. Bxe4 Ba6 25. Bf3 1-0

[Event "Campeonato Navarro Absoluto Individual Fase Final"]
[Site "Residencia Fuerte del Príncipe"]
[Date "2016.04.09"]
[Round "4"]
[Board "10"]
[White "Lizuain Toni, Javier"]
[Black "Anguas Fanlo, Sergio"]
[Result "1/2-1/2"]
[WhiteElo "1840"]
[BlackElo "2027"]
[PlyCount "136"]
[EventDate "2016.03.05"]
[EventRounds "8"]
[EventCountry "ESP"]

1. e4 b6 2. d4 Bb7 3. Nc3 e6 4. f4 Nf6 5. e5 Ne4 6. Nxe4 Bxe4 7. Nf3 c5 8. Bd3
d5 9. dxc5 Bxd3 10. Qxd3 Bxc5 11. Be3 Nd7 12. O-O Qc7 13. c3 Bxe3+ 14. Qxe3 Nc5
15. Nd4 O-O 16. Nb5 Qc6 17. Nd6 Nb7 18. Nxb7 Qxb7 19. f5 exf5 20. Rxf5 Qe7 21.
Rd1 Qe6 22. Rf2 Rad8 23. Qg3 Rfe8 24. Rdf1 Rd7 25. Re2 d4 26. cxd4 Rxd4 27. Qa3
a5 28. Rfe1 Red8 29. b3 Rd2 30. Qc1 Rxe2 31. Rxe2 Qd5 32. Qe3 Qe6 33. Rd2 Rxd2
34. Qxd2 Qe7 35. Qd4 Qc7 36. Qd5 h6 37. a4 Kf8 38. Kf2 Ke7 39. Ke3 g5 40. h3 h5
41. Ke4 Qc2+ 42. Ke3 Qc3+ 43. Ke4 Qc2+ 44. Ke3 Qc7 45. Ke4 Qc2+ 46. Ke3 Qc1+
47. Kf2 Qc5+ 48. Qxc5+ bxc5 49. Ke3 Ke6 50. Ke4 h4 51. Kd3 Kxe5 52. Kc4 f5 53.
Kxc5 g4 54. b4 axb4 55. Kxb4 gxh3 56. gxh3 f4 57. a5 f3 58. a6 f2 59. a7 f1=Q
60. a8=Q Qxh3 61. Qb8+ Kf6 62. Qd8+ Ke5 63. Qe7+ Kf4 64. Qf6+ Kg3 65. Qe5+ Kg2
66. Qe2+ Kg3 67. Qe3+ Kg4 68. Qe6+ Kg3 1/2-1/2

[Event "Campeonato Navarro Absoluto Individual Fase Final"]
[Site "Residencia Fuerte del Príncipe"]
[Date "2016.04.09"]
[Round "4"]
[Board "11"]
[White "Marin Salvador, Ruben"]
[Black "Ortin Blanco, Ainhoa"]
[Result "0-1"]
[WhiteElo "1692"]
[BlackElo "2010"]
[PlyCount "96"]
[EventDate "2016.03.05"]
[EventRounds "8"]
[EventCountry "ESP"]

1. d4 Nf6 2. c4 g6 3. Nc3 Bg7 4. e4 d6 5. h3 Nbd7 6. Nf3 O-O 7. Be3 e5 8. d5
Nc5 9. Nd2 a5 10. g4 Nfd7 11. h4 Nf6 12. f3 c6 13. Nb3 Nxb3 14. Qxb3 cxd5 15.
cxd5 h5 16. g5 Nd7 17. Nb5 Nc5 18. Bxc5 dxc5 19. Bc4 a4 20. Qd3 Qa5+ 21. Kf1
Bd7 22. Rh2 Bxb5 23. Bxb5 f5 24. Kg1 fxe4 25. fxe4 c4 26. Bxc4 Qb6+ 27. Kh1 Rf2
28. Rxf2 Qxf2 29. Qh3 b5 30. Rf1 Qxb2 31. Bd3 Qd4 32. Bb1 Rf8 33. Rxf8+ Bxf8
34. Qe6+ Kh7 35. Qd7+ Bg7 36. Qxb5 Qd1+ 37. Kh2 Qg4 38. d6 Qxh4+ 39. Kg1 Qxg5+
40. Kh1 Qc1+ 41. Kh2 Qd2+ 42. Kh1 Qxd6 43. Qxa4 Qd2 44. Qc2 Qe1+ 45. Kg2 h4 46.
Qf2 h3+ 47. Kg3 Qxb1 48. Kh2 Qxe4 0-1

[Event "Campeonato Navarro Absoluto Individual Fase Final"]
[Site "Residencia Fuerte del Príncipe"]
[Date "2016.04.09"]
[Round "4"]
[Board "12"]
[White "Arrese-Igor Royuela, Alex"]
[Black "Sola Plaza, Gregorio"]
[Result "1/2-1/2"]
[WhiteElo "1638"]
[BlackElo "1945"]
[PlyCount "105"]
[EventDate "2016.03.05"]
[EventRounds "8"]
[EventCountry "ESP"]

1. d4 Nf6 2. Nf3 e6 3. e3 Be7 4. Bd3 O-O 5. O-O b6 6. e4 d6 7. c3 Ba6 8. Re1
Bxd3 9. Qxd3 c5 10. d5 Nbd7 11. c4 e5 12. Nbd2 Re8 13. Nf1 Bf8 14. Ng3 g6 15.
Bg5 Qb8 16. b3 Bg7 17. Qd2 a6 18. Bh6 Qd8 19. Qg5 Bxh6 20. Qxh6 Ng4 21. Qd2 Kg7
22. h3 Nh6 23. Nh2 Rf8 24. f3 Qh4 25. Qf2 Kh8 26. Ng4 Ra7 27. Qe3 Ng8 28. Kh2
f5 29. exf5 gxf5 30. Qd3 fxg4 31. Nf5 Qf6 32. fxg4 e4 33. Qxe4 Ne5 34. Nxd6
Nxg4+ 35. Qxg4 Qxd6+ 36. Kg1 Rg7 37. Re6 Qc7 38. d6 Qf7 39. Qe2 Qf4 40. Rd1 Nf6
41. Re7 Nd7 42. Rxg7 Kxg7 43. Qe7+ Rf7 44. Qe2 Nf6 45. Rd3 h5 46. Qe6 h4 47. d7
Nxd7 48. Rxd7 Qf1+ 49. Kh2 Qf4+ 50. Kg1 Qf2+ 51. Kh2 Qg3+ 52. Kg1 Qf2+ 53. Kh2
 1/2-1/2